Library Banner

Environmental planning and management (Record no. 30831)

MARC details
000 -LEADER
fixed length control field 00482nam a2200181Ia 4500
001 - CONTROL NUMBER
control field 30708
003 - CONTROL NUMBER IDENTIFIER
control field PK-LaUMT
005 - DATE AND TIME OF LATEST TRANSACTION
control field 20220902155506.0
008 - FIXED-LENGTH DATA ELEMENTS--GENERAL INFORMATION
fixed length control field 140416s9999 xx 000 0 und d
040 ## - CATALOGING SOURCE
Transcribing agency PK-LaUMT
082 ## - DEWEY DECIMAL CLASSIFICATION NUMBER
Classification number W 304.2
Item number ASI-E
110 ## - MAIN ENTRY--CORPORATE NAME
Corporate name or jurisdiction name as entry element Asian Development Bank
245 ## - TITLE STATEMENT
Title Environmental planning and management
Statement of responsibility, etc Asian Development Bank
260 ## - PUBLICATION, DISTRIBUTION, ETC. (IMPRINT)
Place of publication, distribution, etc Boston,USA:
Name of publisher, distributor, etc Asian Development Bank,
Date of publication, distribution, etc 1986
300 ## - PHYSICAL DESCRIPTION
Extent 282 p.
546 ## - LANGUAGE NOTE
Language note EN
942 ## - ADDED ENTRY ELEMENTS (KOHA)
Koha item type Permanently weeded out collection
Source of classification or shelving scheme Dewey Decimal Classification
Holdings
Withdrawn status Lost status Damaged status Not for loan Home library Current library Date acquired Total Checkouts Full call number Barcode Date last seen Price effective from Koha item type
        UMT Main Campus UMT Main Campus 2014-04-16   W 304.2 ASI-E 37517 2014-05-03 2014-05-03 Books